[Event "Centenary THK University 2019"]
[Site "Ankara"]
[Date "2019.05.19"]
[Round "5"]
[White "Civcer, Omer Faruk"]
[Black "Subasi, Fidel"]
[Result "0-1"]
[WhiteElo "1471"]
[BlackElo "1702"]
[Annotator "NA RC"]
[PlyCount "102"]
[EventDate "2019.05.17"]
[EventType "swiss"]
[EventCountry "TUR"]
[SourceTitle "playchess.com"]
[Source "ChessBase"]
[SourceQuality "1"]
[TimeControl "5400+30"]

1. e4 {[%emt 0:30:30]} e6 {[%emt 0:30:30]} 2. d4 {[%emt 0:00:30]} d5 {[%emt 0:00:30]} 3. Nd2 {[%emt 0:00:00]} dxe4 {[%emt 0:00:30]} 4. Nxe4 {[%emt 0:00:00]} Nd7 {[%emt 0:00:30]} 5. Nf3 {[%emt 0:00:00]} Ngf6 {[%emt 0:00:00]} 6. Ng3 {[%emt 0:00:00]} c5 {[%emt 0:01:00]} 7. c3 {[%emt 0:00:30]} cxd4 {[%emt 0:01:30]} 8. cxd4 {[%emt 0:01:30]} Be7 {[%emt 0:00:30]} 9. Bd3 {[%emt 0:00:30]} O-O {[%emt 0:00:30]} 10. O-O {[%emt 0:00:00]} b6 {[%emt 0:01:30]} 11. Ne5 {[%emt 0:00:00]} Bb7 {[%emt 0:00:30]} 12. f4 {[%emt 0:00:30]} Rc8 {[%emt 0:05:30]} 13. Kh1 {[%emt 0:00:30]} Qc7 {[%emt 0:04:30]} 14. Qe2 {[%emt 0:06:30]} Rfd8 {[%emt 0:02:30]} 15. Bd2 {[%emt 0:02:30]} Nf8 {[%emt 0:01:30]} 16. Rac1 {[%emt 0:06:30]} Qb8 {[%emt 0:00:00]} 17. Be3 {[%emt 0:00:30]} Qa8 {[%emt 0:01:00]} 18. Ba6 {[%emt 0:04:30]} Bxa6 {[%emt 0:06:30]} 19. Qxa6 {[%emt 0:00:30]} Nd5 {[%emt 0:00:30]} 20. Bd2 {[%emt 0:01:30]} Bb4 {[%emt 0:02:30]} 21. Qe2 {[%emt 0:05:30]} Bxd2 {[%emt 0:04:30]} 22. Qxd2 {[%emt 0:00:30]} Ne7 {[%emt 0:01:30]} 23. Qf2 {[%emt 0:00:30]} Qd5 {[%emt 0:01:30]} 24. Rxc8 {[%emt 0:00:30]} Nxc8 {[%emt 0:03:30]} 25. Rd1 {[%emt 0:00:30]} Qxa2 {[%emt 0:00:30]} 26. f5 {[%emt 0:01:30]} exf5 {[%emt 0:01:30]} 27. Nxf5 {[%emt 0:00:30]} Qd5 {[%emt 0:01:30]} 28. Ng4 {[%emt 0:01:30]} Ng6 {[%emt 0:01:30]} 29. Rf1 {[%emt 0:05:30]} Nd6 {[%emt 0:01:30]} 30. Nxg7 {[%emt 0:01:30]} Ne4 {[%emt 0:02:30]} 31. Nf6+ {[%emt 0:06:30]} Kxg7 {[%emt 0:00:30]} 32. Nxe4 {[%emt 0:00:30]} f5 {[%emt 0:07:45]} 33. Ng5 {[%emt 0:03:30]} h6 {[%emt 0:01:32]} 34. Nf3 {[%emt 0:00:30]} Re8 {[%emt 0:01:30]} 35. Qg3 {[%emt 0:00:30]} f4 {[%emt 0:02:50]} 36. Qg4 {[%emt 0:01:30]} h5 {[%emt 0:00:24]} 37. Qh3 {[%emt 0:00:45]} Re2 {[%emt 0:00:31]} 38. b3 {[%emt 0:03:17]} Kh6 {[%emt 0:00:29]} 39. Rc1 {[%emt 0:03:49]} Rb2 {[%emt 0:02:23]} 40. Qc8 {[%emt 0:03:35]} Qe4 {[%emt 0:03:47]} 41. Qd8 {[%emt 0:00:56]} Rxg2 {[%emt 0:01:14]} 42. Kxg2 {[%emt 0:01:12]} Qe2+ {[%emt 0:00:12]} 43. Kg1 {[%emt 0:00:00]} Qe3+ {[%emt 0:01:11]} 44. Kg2 {[%emt 0:00:00]} Qxc1 {[%emt 0:00:36]} 45. Qg5+ {[%emt 0:00:03]} Kg7 {[%emt 0:00:12]} 46. Nh4 {[%emt 0:00:42]} Qd2+ {[%emt 0:00:30]} 47. Kf1 {[%emt 0:00:45]} Qd1+ {[%emt 0:01:50]} 48. Kf2 {[%emt 0:00:07]} Qxd4+ {[%emt 0:00:17]} 49. Kf1 {[%emt 0:00:29]} Qd3+ {[%emt 0:01:57]} 50. Kf2 {[%emt 0:00:46]} Qe3+ {[%emt 0:00:00]} 51. Kf1 {[%emt 0:00:00]} Qh3+ {[%emt 0:00:01]} 0-1

[Event "Centenary THK University 2019"]
[Site "Ankara"]
[Date "2019.05.19"]
[Round "5"]
[White "Kilic, Gulseren"]
[Black "Sonmez, Yusuf"]
[Result "0-1"]
[WhiteElo "1454"]
[BlackElo "1329"]
[Annotator "NA RC"]
[PlyCount "68"]
[EventDate "2019.05.17"]
[EventType "swiss"]
[EventCountry "TUR"]
[SourceTitle "playchess.com"]
[Source "ChessBase"]
[SourceQuality "1"]
[TimeControl "5400+30"]

1. e4 {[%emt 0:30:30]} e5 {[%emt 0:30:30]} 2. Nf3 {[%emt 0:00:00]} Nc6 {[%emt 0:00:30]} 3. Bc4 {[%emt 0:00:00]} Bc5 {[%emt 0:00:00]} 4. c3 {[%emt 0:00:00]} d6 {[%emt 0:00:00]} 5. d4 {[%emt 0:00:00]} exd4 {[%emt 0:00:00]} 6. cxd4 {[%emt 0:00:30]} Bb4+ {[%emt 0:00:00]} 7. Nc3 {[%emt 0:00:30]} Nf6 {[%emt 0:00:00]} 8. O-O {[%emt 0:00:30]} O-O {[%emt 0:01:00]} 9. Bg5 {[%emt 0:00:00]} Bxc3 {[%emt 0:01:30]} 10. bxc3 {[%emt 0:04:00]} Bg4 {[%emt 0:01:30]} 11. Re1 {[%emt 0:00:30]} Re8 {[%emt 0:00:30]} 12. Re3 {[%emt 0:11:30]} h6 {[%emt 0:04:30]} 13. Bh4 {[%emt 0:00:00]} g5 {[%emt 0:01:30]} 14. Bg3 {[%emt 0:00:00]} Nxe4 {[%emt 0:11:30]} 15. Qb3 {[%emt 0:00:30]} Qd7 {[%emt 0:05:30]} 16. Bd5 {[%emt 0:07:30]} Nf6 {[%emt 0:03:30]} 17. Rae1 {[%emt 0:05:30]} Rxe3 {[%emt 0:03:30]} 18. fxe3 {[%emt 0:04:30]} Nxd5 {[%emt 0:00:30]} 19. Qxd5 {[%emt 0:00:00]} Be6 {[%emt 0:00:30]} 20. Qb5 {[%emt 0:03:00]} Bxa2 {[%emt 0:00:30]} 21. c4 {[%emt 0:03:30]} Ne5 {[%emt 0:08:30]} 22. Qxb7 {[%emt 0:00:30]} Nxf3+ {[%emt 0:00:30]} 23. gxf3 {[%emt 0:00:00]} Qc8 {[%emt 0:01:30]} 24. Qc6 {[%emt 0:09:00]} Rb8 {[%emt 0:01:30]} 25. Ra1 {[%emt 0:01:43]} Rb1+ {[%emt 0:00:30]} 26. Rxb1 {[%emt 0:00:02]} Bxb1 {[%emt 0:00:00]} 27. e4 {[%emt 0:00:29]} Qb8 {[%emt 0:01:00]} 28. e5 {[%emt 0:01:01]} Qb2 {[%emt 0:03:30]} 29. Bf2 {[%emt 0:04:51]} Qc1+ {[%emt 0:03:59]} 30. Kg2 {[%emt 0:00:05]} Bd3 {[%emt 0:00:15]} 31. Qxc7 {[%emt 0:04:37]} Bf1+ {[%emt 0:00:11]} 32. Kh1 {[%emt 0:01:29]} Bh3+ {[%emt 0:01:09]} 33. Bg1 {[%emt 0:00:06]} Qf1 {[%emt 0:00:00]} 34. Qd8+ {[%emt 0:05:58]} Kh7 {[%emt 0:00:03]} 0-1

[Event "Centenary THK University 2019"]
[Site "Ankara"]
[Date "2019.05.19"]
[Round "5"]
[White "Oktem, Ege Tuna"]
[Black "Gedik, Ahmet"]
[Result "0-1"]
[WhiteElo "1235"]
[BlackElo "1438"]
[Annotator "NA RC"]
[PlyCount "85"]
[EventDate "2019.05.17"]
[EventType "swiss"]
[EventCountry "TUR"]
[SourceTitle "playchess.com"]
[Source "ChessBase"]
[SourceQuality "1"]
[TimeControl "5400+30"]

1. d4 {[%emt 0:30:30]} Nf6 {[%emt 0:30:30]} 2. Nf3 {[%emt 0:00:00]} c5 {[%emt 0:01:30]} 3. e3 {[%emt 0:00:00]} g6 {[%emt 0:01:30]} 4. c4 {[%emt 0:00:30]} Bg7 {[%emt 0:00:00]} 5. Be2 {[%emt 0:00:30]} O-O {[%emt 0:00:00]} 6. O-O {[%emt 0:00:00]} cxd4 {[%emt 0:00:30]} 7. exd4 {[%emt 0:00:00]} d5 {[%emt 0:00:30]} 8. cxd5 {[%emt 0:00:00]} Nxd5 {[%emt 0:00:30]} 9. Nc3 {[%emt 0:00:00]} Nc6 {[%emt 0:05:30]} 10. Be3 {[%emt 0:07:30]} e6 {[%emt 0:06:30]} 11. Qd2 {[%emt 0:01:30]} Re8 {[%emt 0:07:30]} 12. Rfd1 {[%emt 0:03:30]} a6 {[%emt 0:01:30]} 13. Rac1 {[%emt 0:00:30]} Qa5 {[%emt 0:05:30]} 14. a3 {[%emt 0:04:30]} Bd7 {[%emt 0:03:30]} 15. Ne4 {[%emt 0:02:30]} Qb6 {[%emt 0:03:30]} 16. Nd6 {[%emt 0:01:30]} Red8 {[%emt 0:00:30]} 17. Nc4 {[%emt 0:00:30]} Qa7 {[%emt 0:02:30]} 18. Nd6 {[%emt 0:22:30]} Nce7 {[%emt 0:05:30]} 19. Ng5 {[%emt 0:05:11]} Be8 {[%emt 0:01:30]} 20. Nxe8 {[%emt 0:02:04]} Rxe8 {[%emt 0:00:30]} 21. Ne4 {[%emt 0:00:33]} Nf5 {[%emt 0:02:37]} 22. Bf3 {[%emt 0:05:48]} Qb6 {[%emt 0:08:37]} 23. Nc3 {[%emt 0:02:21]} Nfe7 {[%emt 0:03:03]} 24. Nxd5 {[%emt 0:03:25]} Nxd5 {[%emt 0:00:09]} 25. Bxd5 {[%emt 0:00:10]} exd5 {[%emt 0:00:08]} 26. Rc5 {[%emt 0:00:21]} Rad8 {[%emt 0:00:18]} 27. Qa5 {[%emt 0:00:03]} Qe6 {[%emt 0:01:05]} 28. h3 {[%emt 0:00:13]} b6 {[%emt 0:00:00]} 29. Qc3 {[%emt 0:01:02]} bxc5 {[%emt 0:00:12]} 30. Qxc5 {[%emt 0:00:30]} Rb8 {[%emt 0:00:30]} 31. b4 {[%emt 0:00:30]} Rec8 {[%emt 0:00:30]} 32. Qa5 {[%emt 0:00:30]} Rc2 {[%emt 0:00:21]} 33. Qa4 {[%emt 0:00:00]} Rbc8 {[%emt 0:00:30]} 34. b5 {[%emt 0:00:00]} axb5 {[%emt 0:00:30]} 35. Qxb5 {[%emt 0:00:27]} Qc6 {[%emt 0:00:57]} 36. Qa5 {[%emt 0:00:00]} Ra8 {[%emt 0:00:30]} 37. Qe1 {[%emt 0:00:20]} Rxa3 {[%emt 0:00:30]} 38. Bf4 {[%emt 0:00:36]} Raa2 {[%emt 0:00:25]} 39. Bg3 {[%emt 0:00:20]} Bxd4 {[%emt 0:00:47]} 40. Rxd4 {[%emt 0:01:04]} Rc1 {[%emt 0:00:21]} 41. Rd1 {[%emt 0:00:05]} Raa1 {[%emt 0:00:14]} 42. Qe7 {[%emt 0:00:30]} Rxd1+ {[%emt 0:00:09]} 43. Kh2 {[%emt 0:00:00]} 0-1

[Event "Centenary THK University 2019"]
[Site "Ankara"]
[Date "2019.05.19"]
[Round "5"]
[White "Onluel, Mert Kaan"]
[Black "Deveci, Huseyin Said"]
[Result "1-0"]
[WhiteElo "1190"]
[BlackElo "1274"]
[Annotator "NA RC"]
[PlyCount "67"]
[EventDate "2019.05.17"]
[EventType "swiss"]
[EventCountry "TUR"]
[SourceTitle "playchess.com"]
[Source "ChessBase"]
[SourceQuality "1"]
[TimeControl "5400+30"]

1. e4 {[%emt 0:30:30]} e5 {[%emt 0:30:30]} 2. Nc3 {[%emt 0:00:30]} Nf6 {[%emt 0:00:30]} 3. g3 {[%emt 0:00:30]} Bb4 {[%emt 0:03:30]} 4. Bg2 {[%emt 0:00:30]} O-O {[%emt 0:00:30]} 5. Nge2 {[%emt 0:02:30]} Nc6 {[%emt 0:02:30]} 6. O-O {[%emt 0:02:30]} Re8 {[%emt 0:01:30]} 7. d3 {[%emt 0:00:30]} h6 {[%emt 0:03:30]} 8. h3 {[%emt 0:01:30]} d6 {[%emt 0:03:30]} 9. Be3 {[%emt 0:02:30]} Be6 {[%emt 0:02:30]} 10. f4 {[%emt 0:01:30]} exf4 {[%emt 0:02:30]} 11. Nxf4 {[%emt 0:00:00]} Qd7 {[%emt 0:06:30]} 12. Kh2 {[%emt 0:00:00]} Rad8 {[%emt 0:00:30]} 13. Nce2 {[%emt 0:05:30]} Nh7 {[%emt 0:12:30]} 14. c3 {[%emt 0:03:30]} Ba5 {[%emt 0:00:30]} 15. Nxe6 {[%emt 0:01:30]} fxe6 {[%emt 0:03:30]} 16. Nf4 {[%emt 0:01:30]} Ne5 {[%emt 0:04:14]} 17. Qe2 {[%emt 0:02:30]} Nf8 {[%emt 0:03:47]} 18. d4 {[%emt 0:05:30]} Nf7 {[%emt 0:01:28]} 19. Nh5 {[%emt 0:01:30]} e5 {[%emt 0:00:54]} 20. d5 {[%emt 0:00:30]} Bb6 {[%emt 0:00:30]} 21. Bxb6 {[%emt 0:00:30]} axb6 {[%emt 0:00:30]} 22. h4 {[%emt 0:02:30]} Ng6 {[%emt 0:06:08]} 23. Bh3 {[%emt 0:01:30]} Qe7 {[%emt 0:00:08]} 24. Be6 {[%emt 0:01:30]} Ngh8 {[%emt 0:02:11]} 25. Qg4 {[%emt 0:00:30]} g6 {[%emt 0:01:07]} 26. Rxf7 {[%emt 0:00:30]} Qxf7 {[%emt 0:00:53]} 27. Bxf7+ {[%emt 0:00:30]} Kxf7 {[%emt 0:00:14]} 28. Rf1+ {[%emt 0:00:00]} Kg8 {[%emt 0:00:39]} 29. Nf6+ {[%emt 0:00:00]} Kg7 {[%emt 0:01:21]} 30. Nxe8+ {[%emt 0:00:30]} Rxe8 {[%emt 0:00:00]} 31. Qd7+ {[%emt 0:00:00]} Kg8 {[%emt 0:00:36]} 32. Qxe8+ {[%emt 0:00:00]} Kh7 {[%emt 0:01:04]} 33. Qe7+ {[%emt 0:00:30]} Kg8 {[%emt 0:00:30]} 34. Rf8# {[%emt 0:00:00]} 1-0

[Event "Centenary THK University 2019"]
[Site "Ankara"]
[Date "2019.05.19"]
[Round "6"]
[White "Aliyev, Elnur"]
[Black "Alkan, Ferman"]
[Result "1-0"]
[WhiteElo "2146"]
[BlackElo "1876"]
[Annotator "TA"]
[PlyCount "69"]
[EventDate "2019.05.17"]
[EventType "swiss"]
[EventCountry "TUR"]
[SourceTitle "playchess.com"]
[Source "ChessBase"]
[SourceQuality "1"]

{[%evp 10,69,19,25,7,12,26,22,24,12,9,6,33,17,37,27,23,35,24,29,13,-27,-20,-27,-31,-39,109,99,95,100,338,338,402,400,397,395,374,355,345,300,381,372,700,598,598,594,589,590,560,556,750,590,1102,1060,952,601,1335,1330,1321,1209,1030,889]} 1. Nf3 Nf6 2. g3 g6 3. b3 d5 4. c4 Bg7 5. Bb2 O-O 6. cxd5 Qxd5 {A15: English Opening: 1...Nf6} 7. Bg2 c6 8. O-O (8. d3 Qh5 9. h3 Na6 10. Nbd2 Qa5 11. a3 Bd7 12. Qc2 Rfe8 13. Ne5 Be6 14. O-O {1-0 (41) Comas Fabrego,L (2467)-Sanchez Ibern,M (2325) Barcelona 2019}) 8... Qh5 {The position is equal.} 9. Na3 $146 ({Predecessor:} 9. d3 Bg4 10. Nbd2 Nbd7 11. Rc1 Rad8 12. Re1 {1-0 (49) Sacchu,A (2010)-Saiful Islam,C (2165) Dhaka 2016}) 9... Bh3 10. Nc4 Bxg2 11. Kxg2 Nbd7 12. b4 b5 13. Nce5 Nxe5 14. Bxe5 Qg4 15. d4 a5 16. Qc2 Rfc8 17. a4 {[%cal Ba2a4,Ba4b5,Bb5b6][%mdl 32]} Qe4 (17... axb4 $15 18. axb5 cxb5) 18. Qxe4 $16 Nxe4 {[#]} 19. axb5 $1 axb4 $2 {[#]} (19... cxb5 $16 {might work better.} 20. Bxg7 (20. bxa5 f6 $14) 20... Kxg7) 20. b6 $1 $18 {[%cal Rb6b7] And now b7 would win.} Rab8 21. Bxb8 Rxb8 22. Ra6 Bf6 23. Rb1 c5 24. e3 e6 25. Ne1 Nc3 $2 (25... Bd8 26. dxc5 Nxc5) 26. Rb3 {White is clearly winning.} cxd4 27. Rxb4 Nd5 28. Rb3 dxe3 29. b7 exf2 30. Nf3 {Ra8 is the strong threat.} Be7 31. Ra8 Bd6 32. Nd4 Ne7 33. Rxb8+ Bxb8 34. Ra3 Kg7 35. Ra8 {Accuracy: White = 61%, Black = 41%.} 1-0

[Event "Centenary THK University 2019"]
[Site "Ankara"]
[Date "2019.05.19"]
[Round "6"]
[White "Buker, Muhittin"]
[Black "Guven, Oguz Kagan"]
[Result "1/2-1/2"]
[WhiteElo "1993"]
[BlackElo "2103"]
[Annotator "TA"]
[PlyCount "102"]
[EventDate "2019.05.17"]
[EventType "swiss"]
[EventCountry "TUR"]
[SourceTitle "playchess.com"]
[Source "ChessBase"]
[SourceQuality "1"]

{[%evp 12,102,65,43,97,110,106,60,60,56,66,33,32,12,20,0,0,0,10,0,0,0,15,0,37,33,31,34,64,23,36,39,39,39,41,39,43,36,34,44,31,6,32,32,66,31,41,37,104,105,120,115,166,142,128,123,261,264,261,233,247,243,233,34,29,38,84,53,719,533,529,531,529,481,443,435,390,80,300,294,294,294,294,0,9,0,36,8,8,0,100,0,9]} 1. d4 Nf6 2. c4 c5 3. d5 e6 4. Nc3 exd5 5. cxd5 d6 6. e4 g6 7. Nf3 Bg4 {A70: Modern Benoni: 6 e4 g6 7 Nf3} (7... Bg7 $14) (7... Bg7 8. h3 O-O 9. Bd3 b5 10. Nxb5 Re8 11. Nc3 Nxe4 12. Bxe4 f5 13. O-O fxe4 14. Ng5 e3 15. Nce4 exf2+ 16. Nxf2 h6 17. Ne6 Bxe6 18. dxe6 Nc6 {½-½ (35) Mamedyarov,S (2768)-Matlakov,M (2694) Doha 2016}) 8. Qa4+ $16 Bd7 9. Qc2 (9. Qb3 {with more complications.} Bc8 10. Nd2 Nbd7 11. Be2 a6 12. a4) 9... Bg7 {White is slightly better.} 10. Bf4 Qe7 11. h3 $146 ({Predecessor:} 11. Bd3 O-O 12. O-O Nh5 13. Be3 a6 14. a4 Nf6 15. h3 {1-0 (35) Okamura,M (2034)-Menezes,J (1886) Florianopolis 2017}) 11... O-O 12. Bd3 (12. Bc4 {is interesting.} b5 13. Bxb5 Nxe4 14. Nxe4 Re8 15. Bd3) 12... b5 13. Nxb5 Bxb5 14. Bxb5 Nxd5 15. Bxd6 Qxd6 16. exd5 Qb6 17. Ba4 Qxb2 18. Qxb2 Bxb2 19. Rb1 Bc3+ 20. Kd1 Na6 21. a3 Nc7 22. Kc2 {Threatens to win with d6.} Bf6 23. Rhd1 Rfd8 24. Bc6 Rab8 25. Rxb8 Rxb8 26. Rb1 (26. Nd2 {seems wilder.} Bd4 27. Kd3 Kf8 28. f3 a6 29. Re1) 26... Rxb1 (26... Rd8 {keeps more tension.} 27. Rb7 Nxd5 28. Bxd5 Rxd5 29. Rxa7 Kg7) 27. Kxb1 $11 {[%mdl 4096] Endgame KBN-KBN} Kf8 28. Nd2 Bd4 29. f3 Ne8 (29... Ke7 $14) 30. Bxe8 $1 $16 Kxe8 {KB-KN} 31. Kc2 f5 (31... Kd7 $16) 32. Kb3 Kd7 33. Nc4 a6 (33... Kc7 $16) 34. Na5 $1 $18 Kc7 35. Kc4 Be3 36. a4 Bf2 37. Nc6 Be3 $1 38. g4 fxg4 $1 39. fxg4 h5 $2 {[%mdl 8192]} (39... Bg1 $14) 40. Ne5 hxg4 41. hxg4 g5 42. Kd3 Bf4 43. Nc4 Kd7 44. Ke4 $2 (44. Na5 $18 {and White stays clearly on top.}) 44... Ke7 $2 (44... Kc7 $16 {was worth a try.}) 45. Kf5 Kd7 {[#]} 46. Kf6 $1 {[%cal Rf6f5]} Bc1 47. Kf5 $2 (47. Ke5 $18) 47... Bf4 $11 48. Ke4 Kc7 49. Na5 Kb6 $1 {[%cal Rb6a5]} 50. Nc4+ ({Better is} 50. Nc6 $11) 50... Kc7 $16 {[#]} 51. Kf5 (51. Kf3 $1 $16) 51... Kd7 {Accuracy: White = 50%, Black = 44%.} 1/2-1/2

[Event "Centenary THK University 2019"]
[Site "Ankara"]
[Date "2019.05.19"]
[Round "6"]
[White "Ozalp, Burak"]
[Black "Atayman, Evren"]
[Result "1-0"]
[WhiteElo "1901"]
[BlackElo "1611"]
[Annotator "NA RC"]
[PlyCount "75"]
[EventDate "2019.05.17"]
[EventType "swiss"]
[EventCountry "TUR"]
[SourceTitle "playchess.com"]
[Source "ChessBase"]
[SourceQuality "1"]
[TimeControl "5400+30"]

1. e4 {[%emt 0:30:30]} c5 {[%emt 0:30:30]} 2. Nf3 {[%emt 0:00:00]} d6 {[%emt 0:00:30]} 3. d4 {[%emt 0:00:00]} cxd4 {[%emt 0:00:30]} 4. Nxd4 {[%emt 0:00:00]} Nf6 {[%emt 0:00:00]} 5. Nc3 {[%emt 0:00:00]} g6 {[%emt 0:01:00]} 6. Be2 {[%emt 0:00:30]} Bg7 {[%emt 0:00:00]} 7. O-O {[%emt 0:00:00]} O-O {[%emt 0:00:00]} 8. Bg5 {[%emt 0:00:00]} Nc6 {[%emt 0:01:30]} 9. Nb3 {[%emt 0:00:00]} Be6 {[%emt 0:05:30]} 10. Re1 {[%emt 0:00:00]} Rc8 {[%emt 0:02:30]} 11. Bf1 {[%emt 0:00:30]} Na5 {[%emt 0:02:30]} 12. e5 {[%emt 0:03:30]} Ne8 {[%emt 0:07:30]} 13. Nxa5 {[%emt 0:03:30]} Qxa5 {[%emt 0:00:30]} 14. Bxe7 {[%emt 0:00:00]} Bxe5 {[%emt 0:01:30]} 15. Bxf8 {[%emt 0:00:00]} Kxf8 {[%emt 0:00:30]} 16. Rb1 {[%emt 0:09:30]} Nf6 {[%emt 0:02:30]} 17. g3 {[%emt 0:01:30]} Qc5 {[%emt 0:04:30]} 18. Bg2 {[%emt 0:03:30]} Ng4 {[%emt 0:06:30]} 19. Ne4 {[%emt 0:03:30]} Qxc2 {[%emt 0:02:30]} 20. h3 {[%emt 0:04:30]} Nxf2 {[%emt 0:08:30]} 21. Nxf2 {[%emt 0:03:30]} Bxg3 {[%emt 0:01:30]} 22. Re2 {[%emt 0:03:30]} Qc5 {[%emt 0:00:00]} 23. b4 {[%emt 0:06:30]} Qb6 {[%emt 0:04:41]} 24. a4 {[%emt 0:00:30]} Bf5 {[%emt 0:00:36]} 25. Rc1 {[%emt 0:01:30]} Rd8 {[%emt 0:04:16]} 26. Qb3 {[%emt 0:01:30]} Be5 {[%emt 0:01:23]} 27. a5 {[%emt 0:01:30]} Qd4 {[%emt 0:00:11]} 28. Qc4 {[%emt 0:01:30]} Rc8 {[%emt 0:01:00]} 29. Qxd4 {[%emt 0:01:30]} Rxc1+ {[%emt 0:02:54]} 30. Qd1 {[%emt 0:00:00]} Rxd1+ {[%emt 0:01:59]} 31. Nxd1 {[%emt 0:00:00]} Bd3 {[%emt 0:00:05]} 32. Rd2 {[%emt 0:01:30]} Ba6 {[%emt 0:00:30]} 33. Bf1 {[%emt 0:00:00]} f5 {[%emt 0:01:23]} 34. Bxa6 {[%emt 0:00:00]} bxa6 {[%emt 0:00:00]} 35. Rc2 {[%emt 0:00:00]} d5 {[%emt 0:00:00]} 36. Rc6 {[%emt 0:01:00]} d4 {[%emt 0:00:06]} 37. Rxa6 {[%emt 0:00:30]} d3 {[%emt 0:00:07]} 38. b5 {[%emt 0:00:00]} 1-0

[Event "Centenary THK University 2019"]
[Site "Ankara"]
[Date "2019.05.19"]
[Round "6"]
[White "Celikel, Fatih"]
[Black "Sekerci, Berkin"]
[Result "1-0"]
[WhiteElo "1868"]
[BlackElo "1752"]
[Annotator "NA RC"]
[PlyCount "81"]
[EventDate "2019.05.17"]
[EventType "swiss"]
[EventCountry "TUR"]
[SourceTitle "playchess.com"]
[Source "ChessBase"]
[SourceQuality "1"]
[TimeControl "5400+30"]

1. d4 {[%emt 0:30:30]} d5 {[%emt 0:31:30]} 2. Bf4 {[%emt 0:00:00]} Nf6 {[%emt 0:00:30]} 3. e3 {[%emt 0:00:00]} c5 {[%emt 0:00:30]} 4. c3 {[%emt 0:00:30]} Nc6 {[%emt 0:00:00]} 5. Nd2 {[%emt 0:00:00]} Bg4 {[%emt 0:00:00]} 6. Ngf3 {[%emt 0:00:00]} e6 {[%emt 0:00:30]} 7. Qb3 {[%emt 0:00:30]} Qc8 {[%emt 0:00:30]} 8. Bb5 {[%emt 0:00:30]} c4 {[%emt 0:00:30]} 9. Qa4 {[%emt 0:00:30]} a6 {[%emt 0:01:30]} 10. Bxc6+ {[%emt 0:00:30]} Qxc6 {[%emt 0:00:30]} 11. Qxc6+ {[%emt 0:00:30]} bxc6 {[%emt 0:00:30]} 12. Ne5 {[%emt 0:00:30]} c5 {[%emt 0:00:00]} 13. b3 {[%emt 0:04:30]} cxd4 {[%emt 0:01:00]} 14. exd4 {[%emt 0:00:00]} Ba3 {[%emt 0:00:00]} 15. bxc4 {[%emt 0:00:00]} Bb2 {[%emt 0:00:00]} 16. Rb1 {[%emt 0:02:30]} Bxc3 {[%emt 0:00:00]} 17. Nxg4 {[%emt 0:00:30]} Nxg4 {[%emt 0:01:00]} 18. cxd5 {[%emt 0:01:30]} exd5 {[%emt 0:00:30]} 19. O-O {[%emt 0:01:30]} O-O {[%emt 0:00:30]} 20. Nb3 {[%emt 0:00:30]} Rfe8 {[%emt 0:03:30]} 21. h3 {[%emt 0:03:30]} Nf6 {[%emt 0:02:30]} 22. Rfc1 {[%emt 0:03:30]} Rac8 {[%emt 0:01:30]} 23. Be3 {[%emt 0:02:30]} Ne4 {[%emt 0:08:30]} 24. Rc2 {[%emt 0:07:30]} Bb4 {[%emt 0:03:30]} 25. Rbc1 {[%emt 0:00:30]} Nd6 {[%emt 0:03:30]} 26. Rc6 {[%emt 0:07:30]} a5 {[%emt 0:03:30]} 27. Rxc8 {[%emt 0:12:30]} Rxc8 {[%emt 0:00:30]} 28. Nc5 {[%emt 0:04:13]} Nc4 {[%emt 0:01:30]} 29. Nd3 {[%emt 0:00:53]} Bd6 {[%emt 0:05:30]} 30. Bf4 {[%emt 0:01:45]} Be7 {[%emt 0:02:30]} 31. Rb1 {[%emt 0:01:12]} Bf6 {[%emt 0:04:30]} 32. Be5 {[%emt 0:02:41]} Bxe5 {[%emt 0:04:30]} 33. dxe5 {[%emt 0:00:18]} Kf8 {[%emt 0:01:30]} 34. Rb5 {[%emt 0:01:31]} Rd8 {[%emt 0:00:30]} 35. a4 {[%emt 0:02:22]} g5 {[%emt 0:05:37]} 36. Rc5 {[%emt 0:00:31]} Ke7 {[%emt 0:00:16]} 37. g3 {[%emt 0:02:06]} Ke6 {[%emt 0:02:32]} 38. Rc6+ {[%emt 0:01:08]} Kf5 {[%emt 0:00:50]} 39. f3 {[%emt 0:00:35]} g4 {[%emt 0:03:57]} 40. Rf6+ {[%emt 0:00:43]} Kg5 {[%emt 0:00:30]} 41. h4+ {[%emt 0:00:04]} 1-0

[Event "Centenary THK University 2019"]
[Site "Ankara"]
[Date "2019.05.19"]
[Round "6"]
[White "Ozcan, Kadir Kutay"]
[Black "Bozdemir, Yusuf"]
[Result "1-0"]
[WhiteElo "1822"]
[BlackElo "1619"]
[Annotator "NA RC"]
[PlyCount "47"]
[EventDate "2019.05.17"]
[EventType "swiss"]
[EventCountry "TUR"]
[SourceTitle "playchess.com"]
[Source "ChessBase"]
[SourceQuality "1"]
[TimeControl "5400+30"]

1. e4 {[%emt 0:30:30]} c6 {[%emt 0:30:30]} 2. d4 {[%emt 0:00:30]} d5 {[%emt 0:00:30]} 3. Nc3 {[%emt 0:00:00]} dxe4 {[%emt 0:00:00]} 4. Nxe4 {[%emt 0:00:00]} Bf5 {[%emt 0:00:00]} 5. Ng3 {[%emt 0:00:00]} Bg6 {[%emt 0:00:00]} 6. h4 {[%emt 0:00:00]} h6 {[%emt 0:00:00]} 7. h5 {[%emt 0:00:00]} Bh7 {[%emt 0:00:30]} 8. Nf3 {[%emt 0:00:00]} Nd7 {[%emt 0:00:30]} 9. Bd3 {[%emt 0:00:30]} Bxd3 {[%emt 0:00:00]} 10. Qxd3 {[%emt 0:00:00]} e6 {[%emt 0:00:00]} 11. Bd2 {[%emt 0:01:00]} Ngf6 {[%emt 0:00:00]} 12. Qe2 {[%emt 0:00:00]} Qc7 {[%emt 0:02:00]} 13. O-O-O {[%emt 0:00:00]} O-O-O {[%emt 0:00:00]} 14. Kb1 {[%emt 0:00:30]} Bd6 {[%emt 0:01:00]} 15. Ne4 {[%emt 0:00:30]} Nxe4 {[%emt 0:00:30]} 16. Qxe4 {[%emt 0:00:30]} Rhe8 {[%emt 0:01:30]} 17. Qg4 {[%emt 0:01:30]} Rg8 {[%emt 0:07:30]} 18. c4 {[%emt 0:01:30]} Nf6 {[%emt 0:00:30]} 19. Qh4 {[%emt 0:00:30]} Nd7 {[%emt 0:04:30]} 20. c5 {[%emt 0:01:30]} Bf8 {[%emt 0:01:30]} 21. Bf4 {[%emt 0:00:30]} Qa5 {[%emt 0:00:30]} 22. Bg3 {[%emt 0:01:30]} b5 {[%emt 0:05:30]} 23. Qf4 {[%emt 0:04:30]} f6 {[%emt 0:01:30]} 24. Qe4 {[%emt 0:00:30]} 1-0